00000000nam 2200000zi 4500
0019.940006
003CaOODSP
00520250919102339
006m     o  d f      
007cr mn|||||||||
008240628e202406##bcca    obt  f000 0 eng d
020 |a9780660725765
040 |aCaOODSP|beng|erda|cCaOODSP
0861 |aFs144-72/2024E-PDF
1001 |aSaletti, Matteo, |d1985- |eauthor.
24510|aEstimating surface flow velocity in river channels using high resolution drone vidoes : |blarge-scale particle image velocimetry (LSPIV) / |cby Matteo Saletti.
264 1|a[Vancouver] : |bFisheries and Oceans Canada = Pêches et océans Canada, |cJune 2024.
264 4|c©2024
300 |a1 online resource (12 pages) : |bcolour illustrations.
336 |atext|btxt|2rdacontent
337 |acomputer|bc|2rdamedia
338 |aonline resource|bcr|2rdacarrier
4901 |aSalmon Habitat Restoration Center of Expertise technical bulletin, |x2818-4629 ; |vv. 1
500 |a"Pacific Salmon Strategy Initiative."
500 |a"Salmon habitat restoration technical bulletin series."
504 |aIncludes bibliographical references (pages 11-12).
520 |a"Technical Bulletins are published by the Salmon Habitat Restoration Center of Expertise (SHR-COE) in Pacific Region as a means of disseminating technical information, guidelines, workflows and instructions relevant to restoration practitioners. This Technical Bulletin is for SHR-CoE staff and external restoration practitioners describing how to (a) collect videos of river channels in the field using drones and (b) process the videos with third-party software to obtain estimates of surface flow velocity using Large Scale Particle Image Velocimetry (LSPIV). Herein, data processing is described using RIVeR software (Rectification of Image Velocity Results); however, the procedure can be generalized for other software applications"--Page [1].
650 0|aStreamflow velocity|xRemote sensing.
650 0|aStreamflow velocity|xMeasurement|xData processing.
650 0|aParticle image velocimetry.
650 6|aÉcoulement (Hydrologie)|xVitesse|xTélédétection.
650 6|aÉcoulement (Hydrologie)|xVitesse|xMesure|xInformatique.
650 6|aVélocimétrie par images de particules.
7102 |aSalmon Habitat Restoration Center of Expertise (Canada), |eissuing body.
830#0|aTechnical bulletin (Salmon Habitat Restoration Center of Expertise (Canada))|vv. 1.|w(CaOODSP)9.947653
85640|qPDF|s822 KB|uhttps://publications.gc.ca/collections/collection_2024/mpo-dfo/Fs144-72-2024-eng.pdf